000
00310nam a22001337a 4500
008
221025b ||||| |||| 00| 0 eng d
041
_a
SHQIP
080
_a
616.31
082
_a
616.31 BEQ
100
_a
12
101
_a
STOMA
245
_a
HISTOLOGJI ME EMBRIONOLOGJI PRAKTIKUM
_c
BEQIRAJ R
942
_2
udc
_c
BK
999
_c
58675
_d
58675